BASIC COLLEGE MATHEMATICS:AN APPLIED APPROACH (Record no. 215583)

MARC details
000 -LEADER
fixed length control field 00521nam a22001817a 4500
008 - FIXED-LENGTH DATA ELEMENTS--GENERAL INFORMATION
fixed length control field 250605b |||||||| |||| 00| 0 eng d
020 ## - INTERNATIONAL STANDARD BOOK NUMBER
International Standard Book Number 0-395-92320-4
050 ## - LIBRARY OF CONGRESS CALL NUMBER
Classification number QA 152.2.A94 1999
100 ## - MAIN ENTRY--PERSONAL NAME
Personal name AUFMANN RICHARD N.
245 ## - TITLE STATEMENT
Title BASIC COLLEGE MATHEMATICS:AN APPLIED APPROACH
250 ## - EDITION STATEMENT
Edition statement 6
260 ## - PUBLICATION, DISTRIBUTION, ETC.
Place of publication, distribution, etc. NEWYORK
Name of publisher, distributor, etc. HOUGHTON MIFFLIN COMPANY
300 ## - PHYSICAL DESCRIPTION
Extent X,556
500 ## - GENERAL NOTE
General note INCLUDES APPENDIX,COMPOUND INTEREST TABLE,MONTHY PAYMENT TABLE
650 ## - SUBJECT ADDED ENTRY
Topical term or geographic name entry element MATHEMATICS
942 ## - ADDED ENTRY ELEMENTS (KOHA)
Source of classification or shelving scheme Library of Congress Classification
Koha item type Long Loan Book
Holdings
Withdrawn status Lost status Source of classification or shelving scheme Damaged status Not for loan Collection Home library Current library Shelving location Date acquired Inventory number Total checkouts Full call number Barcode Date last seen Copy number Price effective from Koha item type
    Library of Congress Classification     Science & Technology Kisii University Library Kisii University Library On Display 06/05/2025 71041   QA 152.2.A94 1999 000000017557 06/05/2025 C.1 06/05/2025 Long Loan Book